| 000 | 00547nam a2200193Ia 4500 | ||
|---|---|---|---|
| 008 | 240729s9999 xx 000 0 und d | ||
| 022 | _a1471-244X | ||
| 245 | 0 | _aBMC Psychiatry | |
| 260 | _aUnited Kingdom | ||
| 260 | _bBMC | ||
| 650 | _a Internal medicine | ||
| 650 | _a Neurology. Diseases of the nervous system | ||
| 650 | _a Neurosciences. Biological psychiatry. Neuropsychiatry | ||
| 650 | _a Psychiatry | ||
| 650 | _aMedicine | ||
| 856 | _uhttps://doaj.org/toc/02bce0a32a6542cfbf84f9f2dc5fef30 | ||
| 942 | _2ddc | ||
| 942 | _cDOAJEJ | ||
| 999 |
_c74218 _d74218 |
||
| 945 |
_a1 _bMadushi Gamage _c1 _dMadushi Gamage |
||